Memorias con esperanza / (Record n. 34530)

Dettagli MARC
000 -LEADER
fixed length control field 00548nam a2200181 i 4500
003 - CONTROL NUMBER IDENTIFIER
control field IT-RoINE
005 - DATE AND TIME OF LATEST TRANSACTION
control field 20200626064803.0
008 - FIXED-LENGTH DATA ELEMENTS--GENERAL INFORMATION
fixed length control field 160831s2016 sp r 000 |aspa d
020 ## - INTERNATIONAL STANDARD BOOK NUMBER
International Standard Book Number 9788490551240
040 ## - CATALOGING SOURCE
Original cataloging agency SpMaBN
Transcribing agency SpMaBN IT-RoINE
Modifying agency IT-RoINE
100 1# - MAIN ENTRY--PERSONAL NAME
Personal name Sebastián Aguilar, Fernando,
Titles and other words associated with a name Cardenal,
Dates associated with a name 1929-2019
9 (RLIN) 15434
245 10 - TITLE STATEMENT
Title Memorias con esperanza /
Statement of responsibility, etc Cardenal Fernando Sebastián.
260 ## - PUBLICATION, DISTRIBUTION, ETC. (IMPRINT)
Place of publication, distribution, etc Madrid :
Name of publisher, distributor, etc Encuentro,
Date of publication, distribution, etc 2016.
300 ## - PHYSICAL DESCRIPTION
Extent 469 p. ;
Dimensions 22 cm.
490 1# - SERIES STATEMENT
Series statement 100xuno ;
Volume number/sequential designation 2
830 #0 - SERIES ADDED ENTRY--UNIFORM TITLE
9 (RLIN) 59119
Uniform title 100xUNO ;
Volume number/sequential designation 2
942 ## - ADDED ENTRY ELEMENTS (KOHA)
Item type Monografías
Dati di copia
Withdrawn status Lost status Damaged status Not for loan Home library Current library Date acquired Total Checkouts Full call number Barcode Date last seen Price effective from Koha item type
        Iglesia Nacional Española en Roma Iglesia Nacional Española en Roma 26/06/2020   BIO 2068 62357 26/06/2020 26/06/2020 Monografías